América Latina dependencia y desafío /
Uloženo v:
| Hlavní autor: | |
|---|---|
| Médium: | Text |
| Témata: | |
| Tagy: |
Přidat tag
Žádné tagy, Buďte první, kdo vytvoří štítek k tomuto záznamu!
|
MARC
| LEADER | 00000 a a2200000 04500 | ||
|---|---|---|---|
| 001 | 18743 | ||
| 003 | |||
| 040 | |||
| 100 | |a Martins, Carlos Eduardo | ||
| 245 | |a América Latina dependencia y desafío / |c Carlos Eduardo Martins | ||
| 650 | |a DEPENDENCIA ECONOMICA | ||
| 650 | |a BALANZA COMERCIAL | ||
| 650 | |a DESARROLLO ECONOMICO | ||
| 650 | |a POLITICA ECONOMICA | ||
| 773 | |g volumen 4, 7/8; páginas 117-132 | ||
| 999 | |c 35267 |d 35267 | ||
